Basel Committee 2015 Corporate Governance Principles for Banks

Korporátna správa vo finančných inštitúciách po kríze roku 2008. Regulačné potreby pre banky a špecifické vlastnosti bánk. Porovnanie nových princípov správy bánk s predošlou verziou korporátnej správy podľa bazilejského výboru. Správa rizika a model "Three Lines of Defence".

Guardado en:
Detalles Bibliográficos
Autor principal: Muchová, Martina, 1973-
Formato: Capítulo de libro
Lenguaje:inglés
Materias:
Etiquetas: Agregar Etiqueta
Sin Etiquetas, Sea el primero en etiquetar este registro!

MARC

LEADER 00000nla a2200000 4500
001 0214001
005 20240502073555.2
041 0 |a eng 
044 |a SK 
245 1 0 |a Basel Committee 2015 Corporate Governance Principles for Banks  |c Martina Muchová 
520 |a Korporátna správa vo finančných inštitúciách po kríze roku 2008. Regulačné potreby pre banky a špecifické vlastnosti bánk. Porovnanie nových princípov správy bánk s predošlou verziou korporátnej správy podľa bazilejského výboru. Správa rizika a model "Three Lines of Defence". 
610 2 0 |a inštitúcie finančné 
610 2 0 |a správa podniku 
610 2 0 |a správa spoločnosti 
610 2 0 |a politika finančná 
610 2 0 |a politika podniková 
610 2 0 |a regulácia finančná 
610 2 0 |a riadenie rizík 
610 2 0 |a dohľad nad finančným trhom 
610 2 0 |a dohľad bankový 
100 1 |a Muchová, Martina, 1973-